000 00911nam a2200265 i 4500
003 DO-SdBNP
005 20251015111607.0
007 ta
008 251015b2006 dr a|||| |||| 00| 0 spa d
040 _aDO-SdBNP
_bspa
_cBNPHU
_erda
041 _aspa
082 4 _axxx
_bxxx
_222
100 1 _aChaljub Mejía, Rafael,
_d1942-
_eautor
_4aut.
_918985
245 1 3 _aLa era en los días del fin /
_cRafael Chaljub Mejía ; índice onomástico, Paola Chaljub
264 1 _aSanto Domingo :
_bEditora Manatí,
_c2006.
300 _a303 páginas :
_bilustraciones ;
_c22 cm.
336 _atexto
_btxt
_2rdacontent
337 _asin mediación
_bn
_2rdamedia
338 _avolumen
_bnc
_2rdacarrier
500 _aIncluye datos biográficos del autor en la solapa de la contracubierta
590 _aInventariado, 2025/BT
700 1 _aChaljub, Paola,
_eíndice onomástico
_988706
910 _aBtavárez
942 _2ddc
_cLBS1
999 _c59959
_d59959